Preparation course for the toefl test practice test /

This book is intended to prepare students for the toefl test, be used in a variety of ways, depending on the needs of the readers.

Na minha lista:
Detalhes bibliográficos
Autor principal: Phillips, Deborah.
Outros Autores: Lê Huy Lâm (dịch.)
Formato: Livro
Idioma:English
Vietnamese
Publicado em: Tp.HCM : Nxb Tp.HCM, 2000.
Assuntos:
Tags: Adicionar Tag
Sem tags, seja o primeiro a adicionar uma tag!
Thư viện lưu trữ: Mạng thư viện Đại học Đà Nẵng
LEADER 01051cam a2200361 i 4500
001 000043413
003 1380
005 20030917150549.0
008 010217b2000 vm 000 eng
020 |c 30000 
022 |a T 
040 |a IRC  |c IRC  |d IRC 
041 0 |a eng  |a vie 
082 1 4 |a 420  |b PH-D 
100 1 |a Phillips, Deborah. 
245 0 0 |a Preparation course for the toefl test practice test /  |c Deborah Phillips ; Dịch và chú giải: Lê Huy Lâm. 
260 |a Tp.HCM :  |b Nxb Tp.HCM,  |c 2000. 
300 |a 242p. ;  |c 20,5cm. 
520 3 |a This book is intended to prepare students for the toefl test, be used in a variety of ways, depending on the needs of the readers. 
630 0 4 |a Toefl. 
630 0 4 |a Practice tests. 
650 0 4 |a English language. 
700 1 |a Lê Huy Lâm,  |e dịch. 
OWN |a DUT 
999 |a From the UDN01 
TYP |a Monograph 
TYP |a Printed language 
980 |a Mạng thư viện Đại học Đà Nẵng